|
|
|
|
| LEADER |
00000cac a2200000 a 4500 |
| 003 |
Ucuenca |
| 005 |
20230308165228.0 |
| 008 |
006041|1998 ||||||||r|||||||||||spa|| |
| 020 |
|
|
|a 950-808-198-8
|
| 040 |
|
|
|b spa
|
| 041 |
0 |
|
|a spa
|
| 082 |
0 |
|
|a 370.15
|
| 100 |
1 |
|
|a Belgich, Horacio.
|9 193879
|
| 245 |
|
|
|a Niños en integración escolar: hacia una lógica democrática de los procesos de inclusión
|c Horacio Belgich
|h imp
|
| 264 |
|
|
|a Santiago de Chile
|b Homo Sapiens Ediciones
|c 1998
|
| 300 |
|
|
|a 150 páginas:
|c 21.5 cm
|
| 490 |
|
|
|a Educación
|
| 500 |
|
|
|a PDF, contiene índice y prólogo
|
| 504 |
|
|
|a incl. ref.
|
| 505 |
1 |
|
|a Contiene: 1.- El niño con necesidades educativas especiales. Su integración escolar como sujeto y como aprendiente.- 2. Sobre la creación de algunas condiciones de posibilidad en la inclusión escolar de niños con necesidades especiales de educación.- 3. estrategías del equipo integrador.- Niños en proceso de inclusión.
|
| 650 |
1 |
0 |
|a Educación infantil
|9 2213
|
| 650 |
1 |
|
|a Inclusion escolar
|9 51183
|
| 650 |
1 |
0 |
|a Integración escolar
|9 2239
|
| 650 |
1 |
|
|a Calidad educativa
|9 1362
|
| 650 |
1 |
0 |
|a Educación especial
|9 8402
|
| 852 |
|
|
|a UC-CDJBV
|f Donación
|l 1
|m General
|p 20060417
|q 1,00
|t si1230
|b 0
|d CDRC
|e CDRC
|g 370.15 PRIMER PISO
|u http://nas.ucuenca.edu.ec/BibliotecaDigital/ebooks/librosyrev/si1230.pdf
|z 2006-60-41
|
| 856 |
|
|
|u http://nas.ucuenca.edu.ec/BibliotecaDigital/ebooks/librosyrev/si1230.pdf
|
| 942 |
|
|
|c CR
|0 4
|
| 999 |
|
|
|c 28126
|d 28126
|